00764nam a22002177a 450000500170000000800410001702000150005805000220007310000190009524501130011425000110022726000550023830000190029344000460031250000170035850400320037565000410040770000260044870000260047470000460050020190208121454.0190208t 2006mx ||||| |||| 00| 0 spa  a968167785404aN72.S6 bB37 20061 aBastide, Roger10aArte y sociedad /c Roger Bastide ; tr. Luis Alaminos y Ricardo Rubio, prol. Maria Isaura Pereira de Queiroz a1a ed. aMéxico : bFondo de Cultura Económica, c2006. a255 p.c22 cm. 0a(Conmemorativa 70 Aniversario ; vNo. 59) a2 ejemplares aBibliografía : p. 247-255 72LembaFilosofía xArte xSociedad 1 aAlaminos, Luis, etr.1 aRubio, Ricardo,e tr.1 aPereira de Queiroz, Maria Isaura eprol.